000 00669nam a2200265Ia 4500
005 20260306164433.0
008 008 260114s9999 xx 000 0 eng d
020 _a9780191851759
037 _aEBOOK
040 _aCRL
040 _beng
040 _cCRL
041 _2eng
041 _aeng
084 _qCRL
100 _aNathalie Gontier, Andy Lock, Chris Sinha
_91130741
245 4 _aThe Oxford Handbook Of Human Symbolic Evolution
260 _bOxford University Press
260 _c2019
650 _aPsychology
856 _uhttps://academic.oup.com/edited-volume/44743
942 _cEBOOK
999 _c1714064
_d1714064